[Event "5ème Open de St Chély d'Aubrac"]
[Site "St-Chély d'Aubrac"]
[Date "2005.07.12"]
[Round "5.25"]
[White "Carabetta, Gaetan"]
[Black "Baudry, Alain"]
[Result "0-1"]
[WhiteElo "1480"]
[BlackElo "1785"]
[PlyCount "116"]
[EventDate "2005.07.??"]

1. d4 d5 2. c4 c6 3. Nc3 dxc4 4. Nf3 Nf6 5. Bg5 Bf5 6. e3 b5 7. a4 Ne4 8. Bf4
Nxc3 9. bxc3 Nd7 10. Be2 e6 11. O-O Be7 12. Rb1 Bxb1 13. Qxb1 Qa5 14. Qc2 Nb6
15. axb5 Qxb5 16. Rb1 Qf5 17. Qxf5 exf5 18. Ne5 Rc8 19. Ra1 c5 20. Nxc4 Nxc4
21. Bxc4 O-O 22. Ba6 Rc6 23. Bb7 Rb6 24. Bd5 a6 25. Bc4 g5 26. Be5 Bd6 27. Bxd6
Rxd6 28. Rxa6 Rxa6 29. Bxa6 Ra8 30. Bf1 Ra3 31. c4 f6 32. d5 h5 33. g3 Ra1 34.
Kg2 Ra2 35. h4 Rd2 36. Kf3 Kf7 37. Kg2 Ke7 38. Kf3 Kd6 39. Kg2 Ke5 40. Kf3 g4+
41. Kg2 Ke4 42. Kg1 Kf3 43. Bg2+ Ke2 44. Bf1+ Ke1 45. Bg2 Rxf2 46. e4 Re2 47.
exf5 Rc2 48. d6 Rxc4 49. d7 Rd4 50. Bc6 c4 51. Bb5 c3 52. Bc6 c2 53. Bg2 c1=Q
54. Bh1 Rxd7 55. Kh2 Rd2+ 56. Bg2 Qd1 57. Kh1 Qe2 58. Bf1 Qh2# 0-1

[Event "5ème Open de St Chély d'Aubrac"]
[Site "St-Chély d'Aubrac"]
[Date "2005.07.12"]
[Round "5.26"]
[White "Ruetsch, Johan"]
[Black "Sidibe, Malika"]
[Result "0-1"]
[WhiteElo "1270"]
[BlackElo "1730"]
[PlyCount "58"]
[EventDate "2005.07.??"]

1. e4 c5 2. Nf3 Nc6 3. d4 cxd4 4. Nxd4 e5 5. Nxc6 bxc6 6. Bc4 Nf6 7. Nc3 Bb4 8.
Bd2 Bxc3 9. Bxc3 Nxe4 10. Bxe5 Qa5+ 11. Bc3 Nxc3 12. bxc3 Qxc3+ 13. Kf1 Qxc4+
14. Kg1 O-O 15. h4 d5 16. Rh2 Bf5 17. Rc1 Rfe8 18. g3 Re2 19. c3 Qxa2 20. Ra1
Qc2 21. Qd4 Qe4 22. Qc5 Re1+ 23. Rxe1 Qxe1+ 24. Kg2 Be4+ 25. f3 Qe2+ 26. Kg1
Qd1+ 27. Kg2 Bxf3+ 28. Kf2 Qe2+ 29. Kg1 Qe1# 0-1

[Event "5ème Open de St Chély d'Aubrac"]
[Site "St-Chély d'Aubrac"]
[Date "2005.07.12"]
[Round "5.27"]
[White "Wavresky, Andre"]
[Black "Missinger, Karl"]
[Result "1/2-1/2"]
[WhiteElo "1570"]
[BlackElo "1099"]
[PlyCount "45"]
[EventDate "2005.07.??"]

1. e4 e5 2. Nf3 Nc6 3. Bb5 d6 4. d4 f6 5. O-O Bd7 6. Nc3 Nge7 7. dxe5 Nxe5 8.
Bxd7+ Qxd7 9. Nxe5 fxe5 10. Bg5 Ng6 11. Qe2 Be7 12. Qe3 Bxg5 13. Qxg5 Qe7 14.
Qe3 O-O 15. Ne2 Nf4 16. Nxf4 Rxf4 17. Rab1 Qe6 18. b3 Qh6 19. Rbd1 Rh4 20. Qxh6
Rxh6 21. Rd3 Rf8 22. Rc3 Rf4 23. f3 1/2-1/2

[Event "5ème Open de St Chély d'Aubrac"]
[Site "St-Chély d'Aubrac"]
[Date "2005.07.12"]
[Round "5.28"]
[White "Mathieu, Paul"]
[Black "Corbet, Philippe"]
[Result "1/2-1/2"]
[WhiteElo "1860"]
[BlackElo "1350"]
[PlyCount "124"]
[EventDate "2005.07.??"]

1. e4 e5 2. Nf3 Nc6 3. c3 Bc5 4. d4 exd4 5. cxd4 Bb4+ 6. Nc3 Nf6 7. Bd3 d6 8.
h3 h6 9. O-O O-O 10. a3 Ba5 11. Be3 Re8 12. b4 Bb6 13. Qc2 a6 14. Rfe1 Bd7 15.
Rac1 Rc8 16. Qb1 Ne7 17. Qb2 c6 18. Na4 Bc7 19. Nc3 Be6 20. Qd2 d5 21. e5 Nh7
22. Qc2 Nf8 23. Ne2 Nfg6 24. Ng3 Qd7 25. h4 Kh8 26. h5 Nf8 27. Nh4 Ng8 28. Qd2
f6 29. f4 fxe5 30. fxe5 Bd8 31. Ng6+ Nxg6 32. Bxg6 Bf7 33. Bxf7 Qxf7 34. Rf1
Qe6 35. Nf5 Bc7 36. Rf2 Ne7 37. Rcf1 Rf8 38. Nxe7 Qxe7 39. Rf4 Rxf4 40. Rxf4
Rf8 41. Qf2 Rxf4 42. Qxf4 Kg8 43. Qg4 Kh7 44. Qf5+ Kh8 45. Qc8+ Bd8 46. Qf5 Kg8
47. Qg6 Qf7 48. Qg4 Kh8 49. Qc8 Qc7 50. Qf5 Qe7 51. g4 Kg8 52. Kg2 Qf7 53. e6
Qxf5 54. gxf5 Bf6 55. Kf3 Kf8 56. Ke2 Be7 57. Bd2 Bd6 58. Kf3 b5 59. Bf4 Bxf4
60. Kxf4 Ke8 61. Kg4 Ke7 62. Kf3 Kf8 1/2-1/2

[Event "5ème Open de St Chély d'Aubrac"]
[Site "St-Chély d'Aubrac"]
[Date "2005.07.12"]
[Round "5.29"]
[White "Jaafar, Nacer"]
[Black "Capron, Michel"]
[Result "0-1"]
[WhiteElo "1280"]
[BlackElo "1400"]
[PlyCount "94"]
[EventDate "2005.07.??"]

1. e4 e5 2. Nf3 Nc6 3. a3 Nf6 4. d3 Bc5 5. b4 Bd4 6. Ra2 a6 7. Bg5 d6 8. c3 Ba7
9. d4 exd4 10. cxd4 Bg4 11. h3 Bxf3 12. Qxf3 Nxd4 13. Qd3 Qe7 14. Nc3 h6 15.
Nd5 Qd8 16. Bxf6 gxf6 17. Be2 c6 18. Nc3 Rg8 19. O-O Qd7 20. Kh2 O-O-O 21. Bg4
Rxg4 22. hxg4 Qxg4 23. Qh3 Qxh3+ 24. Kxh3 Ne6 25. g3 b5 26. Rc2 Kd7 27. Rfc1
Nd4 28. Rd2 Nb3 29. Rcc2 Nxd2 30. Rxd2 Rg8 31. f4 Be3 32. Rd1 h5 33. e5 fxe5
34. fxe5 d5 35. Re1 Bd4 36. Ne4 Bxe5 37. Nc5+ Kd6 38. Nb7+ Ke6 39. Nc5+ Kf5 40.
Rf1+ Kg6 41. Nd7 Bb2 42. Kh4 Rd8 43. Rf2 Bd4 44. Rd2 Be3 45. Rd3 Bg5+ 46. Kh3
Rxd7 47. Re3 Rd6 0-1

[Event "5ème Open de St Chély d'Aubrac"]
[Site "St-Chély d'Aubrac"]
[Date "2005.07.13"]
[Round "6.1"]
[White "Ivanov, Mikhail M"]
[Black "Karpatchev, Alexandr"]
[Result "1/2-1/2"]
[WhiteElo "2462"]
[BlackElo "2487"]
[PlyCount "26"]

1. d4 d5 2. c4 dxc4 3. e3 Nf6 4. Nf3 a6 5. Bxc4 e6 6. O-O c5 7. b3 cxd4 8. Nxd4
Bd7 9. Nd2 Nc6 10. N2f3 Be7 11. Bb2 O-O 12. Rc1 Rc8 13. Qe2 Qa5 1/2-1/2

[Event "5ème Open de St Chély d'Aubrac"]
[Site "St-Chély d'Aubrac"]
[Date "2005.07.13"]
[Round "6.2"]
[White "Riff, Vincent"]
[Black "Lagunes, Jean-Renaud"]
[Result "1/2-1/2"]
[WhiteElo "2269"]
[BlackElo "2131"]
[PlyCount "99"]

1. e4 d5 2. exd5 Qxd5 3. Nc3 Qa5 4. d4 Nf6 5. Bd2 Bg4 6. Be2 Bxe2 7. Ncxe2 Qd5
8. Nf3 e6 9. O-O c6 10. Nf4 Qd8 11. c4 Be7 12. Qb3 Qb6 13. Qc2 Nbd7 14. b4 O-O
15. a4 Qc7 16. Rfe1 Rfe8 17. Nd3 Nf8 18. Nde5 Ng6 19. Ng5 Rf8 20. Qb2 Rad8 21.
Rad1 Qd6 22. Ngf3 Nd7 23. Nd3 Bf6 24. Bc3 b6 25. Qa1 Qc7 26. g3 a6 27. Rc1 Qb7
28. Nd2 b5 29. Ne4 Be7 30. Ndc5 Qc8 31. axb5 axb5 32. cxb5 cxb5 33. Bb2 Qb8 34.
d5 exd5 35. Nxd7 Rxd7 36. Nc5 Ra7 37. Qb1 Rd8 38. Qd3 Bf8 39. h4 Re7 40. h5 Ne5
41. Bxe5 Rxe5 42. Rxe5 Qxe5 43. Qxb5 Qxh5 44. Nd3 Qf5 45. Re1 Qc8 46. Rc1 Qa8
47. Rc7 Rd6 48. Kg2 d4+ 49. Qb7 Qxb7+ 50. Rxb7 1/2-1/2

[Event "5ème Open de St Chély d'Aubrac"]
[Site "St-Chély d'Aubrac"]
[Date "2005.07.13"]
[Round "6.3"]
[White "Coste, Thierry"]
[Black "Riff, Sebastien"]
[Result "1-0"]
[WhiteElo "2200"]
[BlackElo "2216"]
[PlyCount "81"]

1. e4 c5 2. Nf3 e6 3. d4 cxd4 4. Nxd4 Nf6 5. Nc3 d6 6. Be3 Nc6 7. Qd2 Be7 8. f3
O-O 9. g4 Nd7 10. O-O-O a6 11. Kb1 Qc7 12. g5 b5 13. Nxc6 Qxc6 14. Ne2 Bb7 15.
h4 d5 16. h5 Bc5 17. g6 Bxe3 18. Qxe3 h6 19. Bh3 f5 20. exd5 exd5 21. Nd4 Qf6
22. Nxf5 Ne5 23. Nxh6+ Kh8 24. Ng4 Nxg4 25. Bxg4 Rae8 26. Qd3 Qf4 27. a3 Re3
28. Qd4 Qxd4 29. Rxd4 Rfe8 30. Rf4 Bc6 31. Rf7 d4 32. Bd7 Re1+ 33. Rxe1 Rxe1+
34. Ka2 Bd5+ 35. b3 Kg8 36. Rf4 d3 37. cxd3 Re2+ 38. Ka1 Bxb3 39. Bc8 Ra2+ 40.
Kb1 Re2 41. Bxa6 1-0

[Event "5ème Open de St Chély d'Aubrac"]
[Site "St-Chély d'Aubrac"]
[Date "2005.07.13"]
[Round "6.4"]
[White "Desboeufs, Alexandre"]
[Black "Deschler, Fabrice"]
[Result "1/2-1/2"]
[WhiteElo "2052"]
[BlackElo "2167"]
[PlyCount "129"]

1. e4 c5 2. Nf3 Nc6 3. d4 cxd4 4. Nxd4 Nf6 5. Nc3 e5 6. Ndb5 d6 7. Bg5 a6 8.
Bxf6 gxf6 9. Na3 b5 10. Nd5 Bg7 11. c3 {(=)} 11... f5 12. exf5 Bxf5 13. Qf3 Be6
14. Bd3 O-O 15. Ne3 d5 16. Bf5 Ne7 17. O-O b4 18. Nac2 bxc3 19. bxc3 d4 20. Qh5
Nxf5 21. Nxf5 Bxf5 22. Qxf5 Rc8 23. cxd4 exd4 24. Rad1 Rc4 25. Rd2 Qc8 26. Qxc8
Rfxc8 27. Na1 a5 28. Rfd1 a4 29. g3 f5 30. Kg2 Rc3 31. Rb1 h5 32. Rbb2 d3 33.
Rb4 R3c4 34. Rb5 Bxa1 35. Rxd3 R4c5 36. Rb4 Rc4 37. Rb5 Bd4 38. Rxf5 Rf8 39.
Rxh5 Rxf2+ 40. Kh3 Rf7 41. Rg5+ Rg7 42. Ra5 Bb6 43. Ra8+ Kh7 44. Rd6 Bg1 45.
Kg2 Bc5 46. Rc6 Rd7 47. Rac8 Rd5 48. R8c7+ Kg8 49. Rc8+ Kf7 50. R8c7+ Ke8 51.
h4 Rc3 52. Kh3 a3 53. Rc8+ Kf7 54. R8c7+ Kg8 55. Rc8+ Kh7 56. R8c7+ Kh8 57.
Rc8+ Kh7 58. R8c7+ Kg8 59. Rc8+ Kf7 60. R8c7+ Ke8 61. Rc8+ Kd7 62. R8c7+ Kd8
63. Rc8+ Ke7 64. R8c7+ Rd7 65. Rc8 1/2-1/2

[Event "5ème Open de St Chély d'Aubrac"]
[Site "St-Chély d'Aubrac"]
[Date "2005.07.13"]
[Round "6.5"]
[White "Ballandras, Marc"]
[Black "Riff, Jean-Noel"]
[Result "0-1"]
[WhiteElo "1810"]
[BlackElo "2416"]
[PlyCount "72"]

1. c4 Nf6 2. Nc3 e6 3. e4 c5 4. e5 Ng8 5. Nf3 Nc6 6. d4 cxd4 7. Nxd4 Qc7 8.
Nxc6 bxc6 9. Bf4 Rb8 10. Qc2 Ne7 11. Bd3 f5 12. O-O Ng6 13. Bg3 Be7 14. Rfe1
O-O 15. h3 Bc5 16. Kh1 Bd4 17. f4 Qa5 18. Rf1 Rxb2 19. Qxb2 Bxc3 20. Qc2 Bxa1
21. Rxa1 Ba6 22. Rd1 Rb8 23. Be2 Rb7 24. h4 Qa3 25. Kh2 Rb2 26. Qd3 Qxd3 27.
Bxd3 h5 28. Bf1 Rb7 29. Kg1 Kf8 30. c5 Bxf1 31. Kxf1 Ne7 32. Ke2 Nd5 33. Kf3
Rb2 34. Rc1 Rxa2 35. Rb1 Ra3+ 36. Kf2 Nc3 0-1

[Event "5ème Open de St Chély d'Aubrac"]
[Site "St-Chély d'Aubrac"]
[Date "2005.07.13"]
[Round "6.6"]
[White "Boudre, Jean-Pierre"]
[Black "Moingt, Jean-Claude"]
[Result "1-0"]
[WhiteElo "2359"]
[BlackElo "2292"]
[PlyCount "109"]

1. e4 c5 2. Nf3 Nc6 3. d4 cxd4 4. Nxd4 g6 5. Bc4 Bg7 6. Nb3 Nf6 7. Nc3 O-O 8.
O-O a6 9. Re1 b5 10. Bf1 d6 11. a4 b4 12. Nd5 Nd7 13. a5 Rb8 14. Ra2 e6 15. Ne3
Nf6 16. Bd3 d5 17. exd5 Nxd5 18. Nxd5 Qxd5 19. Be4 Qc4 20. Bd3 Qd5 21. Be4 Qxd1
22. Rxd1 Rd8 23. Rxd8+ Nxd8 24. Be3 Bb7 25. Bxb7 Nxb7 26. Ra4 Bf8 27. Kf1 Rc8
28. Na1 Rc4 29. Ke2 Bg7 30. Kd3 Nd6 31. Ra2 Rg4 32. Nb3 Nc4 33. Nc5 Nxb2+ 34.
Rxb2 Bxb2 35. Nxa6 Rxg2 36. Nc7 Rg1 37. a6 Rd1+ 38. Kc4 Rd7 39. Bb6 Bd4 40. a7
Rxc7+ 41. Kxd4 Rc8 42. Bc7 Ra8 43. Bb8 Kf8 44. Kc5 Ke8 45. Kxb4 Kd7 46. Kc5 f6
47. Kb6 Kc8 48. Kc6 e5 49. Kd5 Kd7 50. c4 g5 51. c5 h5 52. c6+ Ke7 53. c7 Kd7
54. Ke4 g4 55. Kf5 1-0

[Event "5ème Open de St Chély d'Aubrac"]
[Site "St-Chély d'Aubrac"]
[Date "2005.07.13"]
[Round "6.7"]
[White "Chaplin, Erik"]
[Black "Rabier, Jean"]
[Result "1-0"]
[WhiteElo "2148"]
[BlackElo "1985"]
[PlyCount "37"]

1. e4 c5 2. Nf3 e6 3. b3 Nc6 4. Bb2 d6 5. d4 cxd4 6. Nxd4 e5 7. Nxc6 bxc6 8.
Be2 Nf6 9. Qd3 Be7 10. Nd2 O-O 11. O-O Qc7 12. Qg3 Re8 13. f4 Kh8 14. fxe5 dxe5
15. Kh1 Bb4 16. Nc4 Nxe4 17. Qh4 Nc3 18. Nxe5 Rxe5 19. Qxb4 1-0

[Event "5ème Open de St Chély d'Aubrac"]
[Site "St-Chély d'Aubrac"]
[Date "2005.07.13"]
[Round "6.8"]
[White "Gaftarnik, Olivier"]
[Black "Soyer, Jean-Yves"]
[Result "1/2-1/2"]
[WhiteElo "1965"]
[BlackElo "2146"]
[PlyCount "83"]

1. e4 c5 2. Nf3 d6 3. d4 cxd4 4. Qxd4 Nc6 5. Bb5 Bd7 6. Bxc6 Bxc6 7. Nc3 Nf6 8.
Bg5 e6 9. O-O-O Be7 10. Rhe1 O-O 11. Qd2 Qc7 12. Nd4 Rfd8 13. f4 h6 14. Bxh6
gxh6 15. f5 e5 16. Nxc6 bxc6 17. Qxh6 Nh7 18. Kb1 Bf8 19. Qh5 f6 20. Re3 Rd7
21. Rg3+ Rg7 22. Rg6 Rxg6 23. fxg6 Ng5 24. Rf1 Qg7 25. Qg4 Re8 26. h4 Ne6 27.
g3 Nd4 28. Nd1 Ne6 29. c3 Qh6 30. Kc2 Bg7 31. Rf3 d5 32. Ne3 dxe4 33. Nf5 exf3
34. Nxh6+ Bxh6 35. Qxf3 Kg7 36. Qxc6 Re7 37. h5 Kf8 38. Qc8+ Re8 39. Qd7 Re7
40. Qc8+ Re8 41. Qb7 Re7 42. Qc8+ 1/2-1/2

[Event "5ème Open de St Chély d'Aubrac"]
[Site "St-Chély d'Aubrac"]
[Date "2005.07.13"]
[Round "6.10"]
[White "Tassetti, Matthieu"]
[Black "Duffau, Pascal"]
[Result "1/2-1/2"]
[WhiteElo "1956"]
[BlackElo "2038"]
[PlyCount "52"]

1. Nf3 Nf6 2. g3 b6 3. Bg2 Bb7 4. O-O e6 5. d3 d5 6. c3 Be7 7. Nbd2 O-O 8. Re1
c5 9. Qc2 Nc6 10. e4 Rc8 11. Nf1 b5 12. Qe2 a5 13. N3d2 b4 14. f4 Ba6 15. e5
Nd7 16. Nf3 a4 17. c4 Nb6 18. b3 dxc4 19. dxc4 Na5 20. Qc2 Qc7 21. Be3 Rfd8 22.
N1d2 Bb7 23. g4 Rd7 24. f5 Nc6 25. Bf2 Rcd8 26. Ne4 Nd4 1/2-1/2

[Event "5ème Open de St Chély d'Aubrac"]
[Site "St-Chély d'Aubrac"]
[Date "2005.07.13"]
[Round "6.11"]
[White "Ritzenthaler, Stephane"]
[Black "Colandrea, Sauveur"]
[Result "0-1"]
[WhiteElo "2037"]
[BlackElo "1874"]
[PlyCount "82"]

1. e4 Nf6 2. e5 Nd5 3. Nc3 c6 4. Bc4 e6 5. Nf3 Nxc3 6. dxc3 d5 7. Bd3 c5 8. b3
Nc6 9. O-O Be7 10. Bf4 g5 11. Bg3 Qa5 12. c4 dxc4 13. Bxc4 b5 14. Bd3 Bb7 15.
Qe2 a6 16. Rfd1 O-O-O 17. a4 b4 18. Be4 h6 19. Nd2 Qc7 20. Qf3 Nd4 21. Bxb7+
Qxb7 22. Qxf7 Rdf8 23. Qg6 Rfg8 24. Qe4 h5 25. f3 g4 26. Bf2 gxf3 27. Qxb7+
Kxb7 28. Bxd4 Rxg2+ 29. Kh1 cxd4 30. Nxf3 Re2 31. Rxd4 Bc5 32. Rd2 Re3 33. Ng5
Re8 34. Nf7 Kc6 35. Nd6 Rf8 36. Nc4 Ref3 37. Rad1 h4 38. Rd6+ Bxd6 39. Rxd6+
Kc7 40. Rd3 Rf2 41. h3 Rf1+ 0-1

[Event "5ème Open de St Chély d'Aubrac"]
[Site "St-Chély d'Aubrac"]
[Date "2005.07.13"]
[Round "6.12"]
[White "Lassis, Patrick"]
[Black "Capron, Daniel"]
[Result "0-1"]
[WhiteElo "1710"]
[BlackElo "2070"]
[PlyCount "100"]

1. Nf3 d5 2. d4 Bf5 3. c3 c6 4. Bf4 Nd7 5. Qb3 Qc8 6. e3 e6 7. Be2 Ngf6 8. Nbd2
Be7 9. Ne5 Ne4 10. f3 Nxd2 11. Kxd2 f6 12. Nxd7 Qxd7 13. g4 Bg6 14. h4 Bd6 15.
Bxd6 Qxd6 16. h5 Bf7 17. Rag1 e5 18. g5 exd4 19. cxd4 O-O-O 20. Qa4 Kb8 21.
gxf6 Qxf6 22. Rg3 Rhe8 23. f4 Re7 24. Rhg1 Rde8 25. Qd1 c5 26. dxc5 Rxe3 27.
Rxe3 Qxf4 28. Rgg3 d4 29. Qg1 dxe3+ 30. Rxe3 Qd4+ 31. Bd3 Qxb2+ 32. Bc2 Qd4+
33. Bd3 Qb4+ 34. Ke2 Bxh5+ 35. Kf1 Qf4+ 36. Qf2 Qxe3 37. Qxe3 Rxe3 38. Bxh7 Bf7
39. Kf2 Re5 40. a3 g6 41. Kf3 Rxc5 42. Kf4 b5 43. Ke4 a5 44. Kd4 Rc6 45. Ke5 b4
46. axb4 axb4 47. Kf4 b3 48. Kg5 b2 49. Kh6 b1=Q 50. Kg7 Qb2+ 0-1

[Event "5ème Open de St Chély d'Aubrac"]
[Site "St-Chély d'Aubrac"]
[Date "2005.07.13"]
[Round "6.13"]
[White "Rosenfeld, Imre"]
[Black "Lagunes, Matthieu"]
[Result "1/2-1/2"]
[WhiteElo "2047"]
[BlackElo "1780"]
[PlyCount "75"]

1. d4 d5 2. Nf3 Nf6 3. e3 c6 4. Ne5 Nbd7 5. f4 Ne4 6. Nd2 e6 7. Qf3 Ndf6 8. Bd3
Qa5 9. c3 c5 10. Nxe4 dxe4 11. Bxe4 Nxe4 12. Qxe4 cxd4 13. exd4 Be7 14. O-O O-O
15. Be3 f5 16. Qc2 Bd6 17. Rf3 b5 18. Rh3 Rf6 19. Qe2 Qc7 20. Qxb5 Bb7 21. Qe2
Bxe5 22. dxe5 Rg6 23. Rg3 Rxg3 24. hxg3 g5 25. Rd1 gxf4 26. gxf4 Kh8 27. Rd2
Rg8 28. Qf1 a5 29. Bd4 Qc6 30. b3 Qe4 31. Rf2 Qd5 32. Qe2 Ba8 33. Kh2 Rg6 34.
Rf3 Qd8 35. Qf2 Bxf3 36. Qxf3 Qh4+ 37. Kg1 Rh6 38. Kf1 1/2-1/2

[Event "5ème Open de St Chély d'Aubrac"]
[Site "St-Chély d'Aubrac"]
[Date "2005.07.13"]
[Round "6.14"]
[White "Vidalinc, Jean-Louis"]
[Black "Grezes, Yves"]
[Result "1-0"]
[WhiteElo "1986"]
[BlackElo "1760"]
[PlyCount "55"]

1. e4 e5 2. Nf3 Nc6 3. d4 exd4 4. Nxd4 Bc5 5. Be3 Qf6 6. c3 Bb6 7. Bc4 Nge7 8.
O-O d6 9. Nb5 a6 10. Nxd6+ cxd6 11. Bxb6 O-O 12. Bc7 Qg6 13. Qxd6 Qxe4 14. Nd2
Qh4 15. Qf4 Qh5 16. Rfe1 Bf5 17. Nf3 Ng6 18. Qg3 Bg4 19. Nd4 Nxd4 20. cxd4 Kh8
21. Rac1 Bd7 22. Bd6 f5 23. Bxf8 f4 24. Bxg7+ Kxg7 25. Qb3 Bb5 26. Bxb5 axb5
27. Rc7+ Kh6 28. Qf7 1-0

[Event "5ème Open de St Chély d'Aubrac"]
[Site "St-Chély d'Aubrac"]
[Date "2005.07.13"]
[Round "6.15"]
[White "Lengert, Martin"]
[Black "Perrin, Yannick"]
[Result "1-0"]
[WhiteElo "1913"]
[BlackElo "1720"]
[PlyCount "65"]

1. d4 d5 2. c4 e6 3. Nc3 Nc6 4. Nf3 Nf6 5. Bg5 Be7 6. e3 h6 7. Bh4 b6 8. cxd5
exd5 9. a3 O-O 10. Bd3 Bg4 11. O-O Re8 12. Rc1 Nh7 13. Bxe7 Nxe7 14. Qc2 Nf6
15. Ne5 Rc8 16. Ba6 Ra8 17. Nb5 Bc8 18. Bxc8 Rxc8 19. Nxa7 Ra8 20. Qxc7 Qxc7
21. Rxc7 Nc8 22. Nxc8 Raxc8 23. Rfc1 Rxc7 24. Rxc7 Kf8 25. Rxf7+ Kg8 26. Rb7
Re6 27. Nd7 Nxd7 28. Rxd7 Rc6 29. g3 Rc2 30. b4 Ra2 31. Rxd5 Rxa3 32. Rd6 Rb3
33. Rxb6 1-0

[Event "5ème Open de St Chély d'Aubrac"]
[Site "St-Chély d'Aubrac"]
[Date "2005.07.13"]
[Round "6.16"]
[White "Luc, Rene"]
[Black "Chokbengboun, Thomas"]
[Result "0-1"]
[WhiteElo "1690"]
[BlackElo "1900"]
[PlyCount "36"]

1. c4 e5 2. Nc3 Nf6 3. d3 d5 4. cxd5 Nxd5 5. g3 Bb4 6. Bd2 O-O 7. Bg2 Nxc3 8.
Bxc3 Bxc3+ 9. bxc3 Qf6 10. Rb1 c6 11. c4 Rd8 12. Nf3 e4 13. Ng1 exd3 14. exd3
Qc3+ 15. Qd2 Qxd3 16. Qxd3 Rxd3 17. Be4 Rd8 18. Nf3 Re8 0-1

[Event "5ème Open de St Chély d'Aubrac"]
[Site "St-Chély d'Aubrac"]
[Date "2005.07.13"]
[Round "6.18"]
[White "Sidibe, Malika"]
[Black "Schmitt, Claude"]
[Result "1/2-1/2"]
[WhiteElo "1730"]
[BlackElo "2040"]
[PlyCount "20"]

1. Nf3 c5 2. c4 Nc6 3. e3 Nf6 4. b3 g6 5. Bb2 Bg7 6. Be2 O-O 7. O-O d5 8. d3
dxc4 9. bxc4 Qb6 10. Qb3 Qxb3 1/2-1/2

[Event "5ème Open de St Chély d'Aubrac"]
[Site "St-Chély d'Aubrac"]
[Date "2005.07.13"]
[Round "6.19"]
[White "Ballandras, Renaud"]
[Black "Boulier, Rene"]
[Result "0-1"]
[WhiteElo "1560"]
[BlackElo "1996"]
[PlyCount "160"]

1. e4 e6 2. d4 d5 3. e5 c5 4. c3 Nc6 5. Nf3 cxd4 6. cxd4 Bd7 7. Nbd2 Qb6 8. Nb3
Rc8 9. Bd2 Nb4 10. Bc3 Ba4 11. Be2 Nxa2 12. Ba5 Bb4+ 13. Bxb4 Qxb4+ 14. Nfd2
Bxb3 15. Qxb3 Qxb3 16. Nxb3 Nb4 17. O-O a6 18. Rac1 Ne7 19. Rxc8+ Nxc8 20. Nc5
Nc6 21. Nxb7 Nxd4 22. Bxa6 O-O 23. Nd6 Nxd6 24. exd6 Rd8 25. Rc1 Nf5 26. d7 Kf8
27. Bc8 Nd4 28. Kf1 {(=)} 28... Ke7 29. b4 Kd6 30. f4 Nc6 31. b5 Nb8 32. Kf2 f6
33. b6 Nxd7 34. b7 Nb8 35. Rd1 Re8 36. f5 e5 37. Be6 Re7 38. Rb1 Rc7 39. Rb2 g6
40. g4 gxf5 41. gxf5 Rc6 42. Rb5 Rc5 43. Rb6+ Kc7 44. Rb3 d4 45. Rh3 Kxb7 46.
Rxh7+ Kc6 47. Rf7 Rc2+ 48. Kg3 d3 49. Rxf6 Kc5 50. Rf8 Nc6 51. Bb3 Rc3 52. Bd1
d2+ 53. Kf2 e4 54. Re8 Kd4 55. f6 e3+ 56. Ke2 Ne5 57. Rd8+ Ke4 58. Re8 Kf4 59.
h4 Rc7 60. Re7 Rc6 61. f7 Rf6 62. h5 Rxf7 63. Rxf7+ Nxf7 64. Kd3 Ne5+ 65. Ke2 {
(=)} 65... Ng4 66. Kf1 Nh6 67. Ke2 Nf5 68. Kd3 Nh6 69. Ke2 Ng4 70. Kf1 Kg5 71.
Ke2 Kxh5 72. Kf3 Kg5 73. Ke4 Kh4 74. Kf4 Kh3 75. Ke4 {(=)} 75... Kg3 76. Kd3
Kf4 77. Kd4 Nf2 78. Be2 d1=Q+ 79. Bxd1 Nxd1 80. Kd3 Kf3 0-1

[Event "5ème Open de St Chély d'Aubrac"]
[Site "St-Chély d'Aubrac"]
[Date "2005.07.13"]
[Round "6.20"]
[White "Gazel, Bruno"]
[Black "Richard, Emma"]
[Result "1/2-1/2"]
[WhiteElo "1550"]
[BlackElo "1870"]
[PlyCount "65"]

1. e4 c5 2. Nc3 Nc6 3. Nf3 e5 4. Be2 Nf6 5. d3 Be7 6. O-O d6 7. Bg5 Be6 8. h3
h6 9. Be3 O-O 10. Nh2 Nd7 11. f4 f5 12. exf5 Bxf5 13. Bg4 Bxg4 14. Qxg4 Nf6 15.
Qe6+ Kh8 16. Nd5 Nxd5 17. Qxd5 Bh4 18. fxe5 Nxe5 19. Rxf8+ Qxf8 20. Rf1 Qe7 21.
Nf3 Nxf3+ 22. Qxf3 Bf6 23. b3 Re8 24. Bf2 Qe2 25. Re1 Qxe1+ 26. Bxe1 Rxe1+ 27.
Kh2 Be5+ 28. g3 Rc1 29. Qf8+ Kh7 30. Qf5+ Kh8 31. Qf8+ Kh7 32. Qf5+ Kh8 33.
Qf8+ 1/2-1/2

[Event "5ème Open de St Chély d'Aubrac"]
[Site "St-Chély d'Aubrac"]
[Date "2005.07.13"]
[Round "6.21"]
[White "Baudry, Alain"]
[Black "Weigel, Marie"]
[Result "1/2-1/2"]
[WhiteElo "1785"]
[BlackElo "1600"]
[PlyCount "101"]

1. d4 Nf6 2. c4 d6 3. Nc3 Nbd7 4. Nf3 e5 5. d5 Be7 6. e4 O-O 7. Be2 c6 8. O-O
a6 9. Bg5 Nxd5 10. Bxe7 Nxe7 11. Qxd6 Ng6 12. Rfd1 Re8 13. Rac1 Qf6 14. Qc7 Nc5
15. Rd6 Ne6 16. Qa5 Rd8 17. Rcd1 Rxd6 18. Rxd6 Qe7 19. Rd1 Nc7 20. h3 f6 21.
Qb6 Ne6 22. b4 Rb8 23. c5 Qc7 24. Qxc7 Nxc7 25. Rd8+ Kf7 26. Na4 Ne6 27. Bc4
Ke7 28. Rg8 Ngf8 29. Nb6 Kf7 30. Rxf8+ Kxf8 31. Nxc8 Rxc8 32. Bxe6 Rd8 33. Kf1
Ke7 34. Bb3 a5 35. bxa5 Ra8 36. Ne1 Rxa5 37. Nd3 g6 38. g4 b6 39. cxb6 Rb5 40.
Ke2 Rxb6 41. Kd2 Rb7 42. Kc3 Rd7 43. Bg8 h6 44. Bb3 Rd4 45. f3 Kd6 46. h4 c5
47. Bf7 g5 48. h5 Kc6 49. Bb3 Kb5 50. Nb2 Ka5 51. Nd3 1/2-1/2

[Event "5ème Open de St Chély d'Aubrac"]
[Site "St-Chély d'Aubrac"]
[Date "2005.07.13"]
[Round "6.22"]
[White "Dury, Renaud"]
[Black "Trzesniower, Jacques"]
[Result "1-0"]
[WhiteElo "1770"]
[BlackElo "1430"]
[PlyCount "121"]

1. d4 Nf6 2. c4 c5 3. d5 b5 4. cxb5 g6 5. Nc3 a6 6. bxa6 Bxa6 7. Nf3 d6 8. g3
Bg7 9. Bg2 O-O 10. O-O Qa5 11. Rb1 Nbd7 12. Bd2 Rfb8 13. b3 Qc7 14. a4 Nb6 15.
Nh4 Qb7 16. Bg5 h6 17. Bc1 Ne8 18. Bb2 Nd7 19. Ba1 Qb4 20. Qc1 Ne5 21. Na2 Qb6
22. Qc2 Nc7 23. Rfd1 Bb7 24. Bxe5 dxe5 25. e4 Ne8 26. b4 cxb4 27. Rxb4 Qa6 28.
Rdb1 Rc8 29. Qb2 Nd6 {(=)} 30. Bf1 Qa7 31. Nf3 Rab8 32. Nc3 f5 33. Nb5 Nxb5 34.
Rxb5 fxe4 35. Nxe5 e3 36. Rxb7 Rxb7 37. Qxb7 exf2+ 38. Kg2 Qxb7 39. Rxb7 Bxe5
40. Rxe7 Bd4 41. a5 Rc5 42. d6 Rxa5 43. d7 Bb6 44. Re8+ Kg7 45. d8=Q Bxd8 46.
Rxd8 Rf5 47. Rd2 h5 48. Rxf2 Rxf2+ 49. Kxf2 Kf6 50. Kf3 Ke5 51. Bd3 Kf6 52. h3
Kg5 53. Ke4 h4 54. g4 Kf6 55. Kf4 g5+ 56. Ke4 Ke6 57. Bc4+ Kf6 58. Kd5 Kg6 59.
Ke6 Kg7 60. Kf5 Kh6 61. Kf6 1-0

[Event "5ème Open de St Chély d'Aubrac"]
[Site "St-Chély d'Aubrac"]
[Date "2005.07.13"]
[Round "6.23"]
[White "Casasnovas, Vincent"]
[Black "Lepere, Philippe"]
[Result "1/2-1/2"]
[WhiteElo "1530"]
[BlackElo "1740"]
[PlyCount "169"]

1. d4 d6 2. e4 Nf6 3. Nc3 Nbd7 4. Nge2 e5 5. g3 Be7 6. h3 c6 7. Bg2 O-O 8. Be3
b5 9. b4 Bb7 10. O-O a6 11. a4 Rc8 12. axb5 cxb5 13. d5 Rc4 14. Rb1 Qc7 15. Rb3
Rc8 16. f3 Nb6 17. Bxb6 Qxb6+ 18. Kh1 Qa7 19. Qd3 Bd8 20. Rc1 Bb6 21. Nd1 R8c7
22. c3 Bc8 23. Rbb1 Bd7 24. Nb2 Be3 25. Rf1 Bd4 26. Nxc4 bxc4 27. Qc2 Bb5 28.
f4 Nh5 29. g4 Nf6 30. Nxd4 exd4 31. cxd4 Qxd4 32. Rbd1 Qe3 33. Rde1 Qa3 34. e5
Ne8 35. e6 Qxb4 36. exf7+ Rxf7 37. Rxe8+ Bxe8 38. Rb1 Qa4 39. Qe4 Bb5 40. Qe6
Qc2 41. Re1 Qg6 42. f5 Qxe6 43. dxe6 Re7 44. g5 Kf8 45. f6 gxf6 46. gxf6 Rc7
47. e7+ Kf7 48. Bd5+ Kxf6 49. e8=Q Bxe8 50. Rxe8 c3 51. Re6+ Kf5 52. Re1 Rc5
53. Be4+ Ke5 54. Bxh7+ Kd5 55. Be4+ Kc4 56. Bc2 d5 57. Ra1 a5 58. Ra4+ Kb5 59.
Rd4 Kc6 60. h4 Kd6 61. h5 Ke5 62. Rh4 Kf6 63. h6 Rc8 64. h7 Kg7 65. Rd4 Rd8 66.
Kg2 Re8 67. Kf3 Rf8+ 68. Kg3 Rd8 69. Rg4+ Kh8 70. Kf3 d4 71. Ke2 a4 72. Kd3 a3
73. Bb3 Kxh7 74. Rg1 Kh6 75. Ra1 Kg5 76. Rxa3 Kf4 77. Ra1 Ke5 78. Re1+ Kf4 79.
Re4+ Kf3 80. Bd1+ Kg3 81. Rg4+ Kf2 82. Rf4+ Kg3 83. Rf3+ Kg2 84. Be2 c2 85.
Kxc2 1/2-1/2